| 000 | 00677nam a2200205 4500 | ||
|---|---|---|---|
| 001 | 124033 | ||
| 003 | ES-MaACL | ||
| 005 | 20231220202823.0 | ||
| 007 | t| | ||
| 008 | 070214s1921 sp r ||||1| spa d | ||
| 100 | 1 |
_aRamón y Cajal, Santiago, _d1852-1934 _9226468 |
|
| 245 | 1 | 0 |
_aCuando yo era niño _b: la infancia de Santiago Ramón y Cajal, contada por él mismo. |
| 260 |
_aMadrid : _bReus, _c1921. |
||
| 300 |
_a148 p. : _bil. ; _c18 cm. |
||
| 490 | 1 |
_aBiblioteca Reus para niños ; _v1 |
|
| 600 | 1 | 4 |
_aRamón y Cajal, Santiago, _d1852-1934 _9226468 |
| 830 | 1 |
_aBiblioteca Reus para niños ; _v1 _9218984 |
|
| 852 |
_aES-MaACL _jF-2898 |
||
| 999 |
_c124033 _d124033 |
||